Buñuelos (Record no. 156164)

MARC details
000 -LEADER
campo de control de longitud fija 00871nam a22001935i 4500
001 - NÚMERO DE CONTROL
campo de control 156164
003 - IDENTIFICADOR DE NÚMERO DE CONTROL
campo de control ES-MaACL
005 - FECHA Y HORA DE LA ÚLTIMA TRANSACCIÓN
campo de control 20230906210333.0
008 - DATOS DE LONGITUD FIJA--INFORMACIÓN GENERAL
campo de control de longitud fija 020418s1889 sp |||| | spa d
040 ## - FUENTE DE CATALOGACIÓN
Centro catalogador/agencia de origen CAM
Lengua de catalogación spa
Centro/agencia transcriptor CAM
100 1# - ENTRADA PRINCIPAL--NOMBRE DE PERSONA
Nombre de persona Jackson Veyán, José.
9 (RLIN) 65824
245 10 - MENCIÓN DEL TÍTULO
Título Buñuelos
Resto del título : pasillo cómico-lírico-filosófico, en un acto y en verso /
Mención de responsabilidad, etc. original de José Jackson Veyan; música del maestro Caballero.
260 ## - PUBLICACIÓN, DISTRIBUCIÓN, ETC.
Lugar de publicación, distribución, etc. Madrid :
Nombre del editor, distribuidor, etc. [s.n.],
Fecha de publicación, distribución, etc. 1889 (
Fabricante imprenta de M.P. Montoya)
300 ## - DESCRIPCIÓN FÍSICA
Extensión 32 p. ;
Dimensiones 20 cm.
500 #1 - NOTA GENERAL
Nota general Estrenado en el teatro Eslava, el 14 de octubre de 1889.
596 #1 - NOTA AL PIE DE IMPRENTA
NOTA AL PIE DE IMPRENTA En verso de port. consta: "... de la Biblioteca lírico-dramática de Enrique Arregui ..."
700 21 - ENTRADA AGREGADA--NOMBRE PERSONAL
Nombre de persona Fernández Caballero, Manuel,
Término indicativo de función/relación
9 (RLIN) 49531
852 ## - LOCALIZACIÓN
Ubicación ES-MaACL
Número de control de estantería F-4091(13)
Nota libre -- Enc. hol.
condición física -- Falto de la cub. original
Nota libre -- Enc. en un vol. facticio
Holdings
Estatus retirado Estado de pérdida Estado de daño No para préstamo Colección Biblioteca de origen Biblioteca actual Ubicación en estantería Fecha de adquisición Fuente de adquisición Total de préstamos Signatura topográfica completa Código de barras Visto por última vez Precio de reemplazo Tipo de ítem Koha
        Libros del s. XIX Biblioteca del Ateneo de Madrid Biblioteca del Ateneo de Madrid Depósito 2 17/01/2008     F-4091(13) 1163376 23/02/2023 23/02/2023 Libro impreso antiguo